000 00644nam a2200217 a 4500
001 BRCA_5545
005 20190320205126.0
008 280311s1941----gw-a#####c---#000-0#ger-#
041 _ager
044 _agw
050 4 _aDD247
_b.G76 1941
245 1 0 _aGrosse Deutsche Kunstausstellung
_bOffizieller Ausstellungs Katalog
260 _aMunich
_bF. Bruckmann
_c1941
300 _a1 v. (en varias paginaciones)
_bil.
_c15 cm.
500 _aIncluye lista de obras de arte
500 _aEstado fĂ­sico : 8 hojas de ilustraciones mutiladas
500 _aF21
650 1 4 _aArte
_vExposiciones
_zAlemania
_914150
902 _aGFM
942 _2lcc
_cB
999 _c5239
_d5239